[Event "DVM U14w 2017"]
[Site "Neumünster GER"]
[Date "2017.12.27"]
[Round "2"]
[White "Schneider, Katharina"]
[Black "Stowicek, Yara Mathilda"]
[Result "1-0"]
[Termination "normal"]
[Board "3.2"]
[WhiteElo "1638"]
[BlackElo "1496"]
[WhiteClock "00:23:31"]
[BlackClock "00:31:40"]
[WhiteTeam "SF Sasbach"]
[BlackTeam "USV Halle"]
[PlyCount "113"]
[WhiteFideId "16200519"]
[BlackFideId "16203569"]
[EventCountry "GER"]
[EventRounds "7"]
[EventType "team-swiss"]
[EventDate "2017.12.26"]

1. e4 {[%clk 1:31:26]} e5 {[%clk 1:31:23]} 2. Nf3 {[%clk 1:31:50]} Nc6 {[%clk
1:31:45]} 3. d4 {[%clk 1:32:11]} exd4 {[%clk 1:31:55]} 4. Bc4 {[%clk 1:32:32]}
Nf6 {[%clk 1:31:52]} 5. e5 {[%clk 1:32:52]} d5 {[%clk 1:31:41]} 6. Bb5 {[%clk
1:33:11]} Ne4 {[%clk 1:31:38]} 7. Nxd4 {[%clk 1:33:23]} Bd7 {[%clk 1:31:22]} 8.
Bxc6 {[%clk 1:33:27]} bxc6 {[%clk 1:31:30]} 9. O-O {[%clk 1:33:46]} Bc5 {[%clk
1:29:46]} 10. Be3 {[%clk 1:33:52]} Bb6 {[%clk 1:29:04]} 11. f3 {[%clk 1:33:54]}
Ng5 {[%clk 1:28:55]} 12. f4 {[%clk 1:34:09]} Ne4 {[%clk 1:28:25]} 13. Nd2
{[%clk 1:32:32]} Nxd2 {[%clk 1:26:22]} 14. Qxd2 {[%clk 1:32:01]} Qe7 {[%clk
1:17:54]} 15. Nb3 {[%clk 1:28:50]} O-O {[%clk 1:15:00]} 16. Rae1 {[%clk
1:21:50]} Rad8 {[%clk 1:13:20]} 17. f5 {[%clk 1:14:54]} f6 {[%clk 1:07:49]} 18.
e6 {[%clk 1:14:48]} Be8 {[%clk 1:08:06]} 19. Kh1 {[%clk 1:10:28]} c5 {[%clk
1:02:39]} 20. Bxc5 {[%clk 1:07:40]} Bxc5 {[%clk 1:02:08]} 21. Nxc5 {[%clk
1:08:05]} Bb5 {[%clk 1:01:59]} 22. Rf2 {[%clk 1:03:26]} Rfe8 {[%clk 1:00:17]}
23. b4 {[%clk 1:00:34]} a5 {[%clk 0:59:23]} 24. Nb7 {[%clk 1:00:08]} Ra8 {[%clk
0:57:15]} 25. Nxa5 {[%clk 0:59:57]} c6 {[%clk 0:55:38]} 26. a3 {[%clk 0:58:18]}
Reb8 {[%clk 0:52:50]} 27. h3 {[%clk 0:56:52]} h6 {[%clk 0:52:09]} 28. Qc3
{[%clk 0:53:52]} Rc8 {[%clk 0:51:26]} 29. Qd4 {[%clk 0:47:39]} Rcb8 {[%clk
0:44:53]} 30. Qc3 {[%clk 0:45:04]} Rc8 {[%clk 0:45:03]} 31. Qe3 {[%clk
0:45:05]} Rcb8 {[%clk 0:44:40]} 32. Rf3 {[%clk 0:45:00]} Kf8 {[%clk 0:41:25]}
33. Qf2 {[%clk 0:43:56]} Ra6 {[%clk 0:40:38]} 34. Qg3 {[%clk 0:41:40]} Rc8
{[%clk 0:39:46]} 35. Rc3 {[%clk 0:35:13]} Raa8 {[%clk 0:39:07]} 36. Qe3 {[%clk
0:34:17]} Ra6 {[%clk 0:38:15]} 37. Rc5 {[%clk 0:32:11]} Rc7 {[%clk 0:37:15]}
38. Qc3 {[%clk 0:29:25]} Qd6 {[%clk 0:34:59]} 39. Ra1 {[%clk 0:27:11]} Rb6
{[%clk 0:33:45]} 40. a4 {[%clk 0:25:47]} Ba6 {[%clk 0:32:33]} 41. b5 {[%clk
0:25:30]} Bb7 {[%clk 0:31:15]} 42. Nxb7 {[%clk 0:25:33]} Rcxb7 {[%clk 0:31:12]}
43. Rxc6 {[%clk 0:24:56]} Rxc6 {[%clk 0:31:19]} 44. Qxc6 {[%clk 0:24:00]} Qxc6
{[%clk 0:30:40]} 45. bxc6 {[%clk 0:24:21]} Rc7 {[%clk 0:31:03]} 46. a5 {[%clk
0:23:05]} Rxc6 {[%clk 0:31:21]} 47. a6 {[%clk 0:23:30]} Rc8 {[%clk 0:31:31]}
48. a7 {[%clk 0:23:57]} Ra8 {[%clk 0:31:55]} 49. Ra5 {[%clk 0:24:16]} Ke7
{[%clk 0:31:51]} 50. Kg1 {[%clk 0:24:39]} Kd6 {[%clk 0:31:44]} 51. Kf2 {[%clk
0:24:32]} Kc6 {[%clk 0:31:22]} 52. Ke3 {[%clk 0:24:22]} Kb6 {[%clk 0:31:19]}
53. Ra2 {[%clk 0:24:05]} Kc6 {[%clk 0:31:08]} 54. Kd4 {[%clk 0:24:15]} Kd6
{[%clk 0:31:16]} 55. Ra6+ {[%clk 0:24:34]} Ke7 {[%clk 0:31:37]} 56. Kxd5 {[%clk
0:23:39]} Ke8 {[%clk 0:31:40]} 57. Kc6 {[%clk 0:23:31]} 1-0

[Event "DVM U14w 2017"]
[Site "Neumünster GER"]
[Date "2017.12.27"]
[Round "2"]
[White "Delgado, Celina"]
[Black "Schneider, Anna"]
[Result "1-0"]
[Termination "normal"]
[Board "3.3"]
[WhiteElo "1440"]
[BlackElo "1374"]
[WhiteClock "00:56:10"]
[BlackClock "01:14:00"]
[WhiteTeam "USV Halle"]
[BlackTeam "SF Sasbach"]
[PlyCount "113"]
[WhiteFideId "12993735"]
[BlackFideId "16200527"]
[EventCountry "GER"]
[EventRounds "7"]
[EventType "team-swiss"]
[EventDate "2017.12.26"]

1. d4 {[%clk 1:30:30]} d5 {[%clk 1:30:30]} 2. Bf4 {[%clk 1:30:30]} e6 {[%clk
1:30:30]} 3. e3 {[%clk 1:30:30]} c5 {[%clk 1:30:51]} 4. c3 {[%clk 1:30:44]} Nc6
{[%clk 1:31:09]} 5. Nf3 {[%clk 1:30:35]} Nf6 {[%clk 1:31:26]} 6. Nbd2 {[%clk
1:30:45]} Be7 {[%clk 1:31:11]} 7. Bd3 {[%clk 1:29:08]} O-O {[%clk 1:30:42]} 8.
O-O {[%clk 1:28:38]} cxd4 {[%clk 1:29:47]} 9. cxd4 {[%clk 1:28:05]} Bd6 {[%clk
1:29:53]} 10. Bg5 {[%clk 1:27:44]} e5 {[%clk 1:29:33]} 11. dxe5 {[%clk
1:26:53]} Nxe5 {[%clk 1:29:35]} 12. Nxe5 {[%clk 1:25:26]} Bxe5 {[%clk 1:29:47]}
13. Qc2 {[%clk 1:25:02]} h6 {[%clk 1:29:24]} 14. Bh4 {[%clk 1:25:07]} Qd6
{[%clk 1:29:16]} 15. Nf3 {[%clk 1:23:27]} Ng4 {[%clk 1:27:08]} 16. Nxe5 {[%clk
1:22:08]} Qxe5 {[%clk 1:27:04]} 17. Bg3 {[%clk 1:21:52]} Qh5 {[%clk 1:26:59]}
18. Be2 {[%clk 1:08:22]} Bf5 {[%clk 1:24:23]} 19. Qd2 {[%clk 1:08:27]} Rad8
{[%clk 1:22:36]} 20. h3 {[%clk 1:07:07]} Qg6 {[%clk 1:20:34]} 21. Bxg4 {[%clk
1:05:07]} Bxg4 {[%clk 1:20:41]} 22. hxg4 {[%clk 1:05:22]} Qxg4 {[%clk 1:21:01]}
23. Rfd1 {[%clk 1:05:07]} Rd7 {[%clk 1:20:37]} 24. Rac1 {[%clk 1:04:05]} Rfd8
{[%clk 1:20:45]} 25. Rc7 {[%clk 1:03:27]} f5 {[%clk 1:19:29]} 26. Rxd7 {[%clk
1:02:51]} Rxd7 {[%clk 1:19:28]} 27. Qc2 {[%clk 1:02:21]} Rd8 {[%clk 1:17:30]}
28. Rd2 {[%clk 1:01:10]} Qg6 {[%clk 1:16:43]} 29. Qc5 {[%clk 0:57:18]} f4
{[%clk 1:13:44]} 30. Bxf4 {[%clk 0:55:42]} Qb1+ {[%clk 1:13:43]} 31. Kh2 {[%clk
0:56:03]} Qxa2 {[%clk 1:13:48]} 32. Be5 {[%clk 0:54:38]} Qa6 {[%clk 1:10:33]}
33. Qe7 {[%clk 0:53:31]} Qg6 {[%clk 1:09:38]} 34. Qxd8+ {[%clk 0:53:05]} Kh7
{[%clk 1:09:59]} 35. Qc7 {[%clk 0:52:11]} Qh5+ {[%clk 1:10:06]} 36. Kg1 {[%clk
0:52:22]} Qg6 {[%clk 1:10:23]} 37. Qc2 {[%clk 0:52:41]} b6 {[%clk 1:10:18]} 38.
Qxg6+ {[%clk 0:53:04]} Kxg6 {[%clk 1:10:34]} 39. Rxd5 {[%clk 0:53:21]} Kh7
{[%clk 1:10:26]} 40. Bf4 {[%clk 0:53:36]} a5 {[%clk 1:10:23]} 41. e4 {[%clk
0:53:57]} Kg8 {[%clk 1:10:13]} 42. Rd7 {[%clk 0:54:07]} Kf8 {[%clk 1:10:25]}
43. e5 {[%clk 0:54:28]} g5 {[%clk 1:10:40]} 44. Be3 {[%clk 0:54:30]} Ke8 {[%clk
1:11:04]} 45. Rh7 {[%clk 0:54:52]} h5 {[%clk 1:11:12]} 46. e6 {[%clk 0:55:11]}
g4 {[%clk 1:11:30]} 47. e7 {[%clk 0:55:25]} a4 {[%clk 1:11:32]} 48. Bg5 {[%clk
0:55:43]} a3 {[%clk 1:11:39]} 49. Rh8+ {[%clk 0:56:02]} Kd7 {[%clk 1:12:05]}
50. e8=Q+ {[%clk 0:56:19]} Kd6 {[%clk 1:12:16]} 51. Bf4+ {[%clk 0:55:56]} Kd5
{[%clk 1:12:35]} 52. Qe5+ {[%clk 0:56:18]} Kc4 {[%clk 1:12:58]} 53. Rc8+ {[%clk
0:56:23]} Kb3 {[%clk 1:13:17]} 54. Qc3+ {[%clk 0:56:34]} Ka2 {[%clk 1:13:34]}
55. bxa3 {[%clk 0:56:44]} g3 {[%clk 1:13:44]} 56. Qc2+ {[%clk 0:56:10]} Ka1
{[%clk 1:14:00]} 57. Be5# 1-0

[Event "DVM U14w 2017"]
[Site "Neumünster GER"]
[Date "2017.12.27"]
[Round "2"]
[White "Eisele, Lea Carolin"]
[Black "Voigt, Anastasia"]
[Result "1/2-1/2"]
[Termination "normal"]
[Board "3.4"]
[WhiteElo "751"]
[BlackElo "1350"]
[WhiteClock "01:32:58"]
[BlackClock "01:23:46"]
[WhiteTeam "SF Sasbach"]
[BlackTeam "USV Halle"]
[PlyCount "44"]
[WhiteFideId "16255780"]
[BlackFideId "16235223"]
[EventCountry "GER"]
[EventRounds "7"]
[EventType "team-swiss"]
[EventDate "2017.12.26"]

1. e4 {[%clk 1:30:30]} e5 {[%clk 1:30:30]} 2. Nf3 {[%clk 1:30:30]} Nc6 {[%clk
1:30:30]} 3. d4 {[%clk 1:30:42]} exd4 {[%clk 1:30:53]} 4. Bc4 {[%clk 1:31:01]}
Bc5 {[%clk 1:30:13]} 5. c3 {[%clk 1:31:19]} dxc3 {[%clk 1:29:41]} 6. Bxf7+
{[%clk 1:31:37]} Kxf7 {[%clk 1:28:17]} 7. Qd5+ {[%clk 1:32:00]} Ke8 {[%clk
1:26:57]} 8. Qxc5 {[%clk 1:32:01]} d6 {[%clk 1:26:57]} 9. Qxc3 {[%clk 1:32:20]}
Nf6 {[%clk 1:26:50]} 10. O-O {[%clk 1:32:40]} Kf7 {[%clk 1:27:00]} 11. Ng5+
{[%clk 1:32:24]} Ke7 {[%clk 1:26:40]} 12. Nf3 {[%clk 1:32:26]} Re8 {[%clk
1:26:30]} 13. e5 {[%clk 1:32:06]} dxe5 {[%clk 1:25:41]} 14. Nxe5 {[%clk
1:32:25]} Nxe5 {[%clk 1:25:31]} 15. Qxe5+ {[%clk 1:32:49]} Kf8 {[%clk 1:25:47]}
16. Qc5+ {[%clk 1:32:48]} Kg8 {[%clk 1:25:53]} 17. Nc3 {[%clk 1:32:38]} Be6
{[%clk 1:26:02]} 18. Re1 {[%clk 1:32:09]} Bf7 {[%clk 1:26:19]} 19. Bg5 {[%clk
1:32:21]} Rxe1+ {[%clk 1:25:56]} 20. Rxe1 {[%clk 1:32:40]} h6 {[%clk 1:26:03]}
21. Bxf6 {[%clk 1:32:58]} gxf6 {[%clk 1:24:55]} 22. Ne4 {[%clk 1:32:58]} Kg7
{[%clk 1:23:46]} 1/2-1/2

[Event "DVM U14w 2017"]
[Site "Neumünster GER"]
[Date "2017.12.27"]
[Round "2"]
[White "Eulitz, Charlotte"]
[Black "Peglau, Mirjam"]
[Result "0-1"]
[Termination "normal"]
[Board "4.1"]
[WhiteElo "1544"]
[BlackElo "1642"]
[WhiteClock "00:02:26"]
[BlackClock "00:32:46"]
[WhiteTeam "SC Borussia 1920 Friedrichsfelde"]
[BlackTeam "Schachzentrum Seeblick"]
[PlyCount "76"]
[WhiteFideId "12964654"]
[BlackFideId "16211138"]
[EventCountry "GER"]
[EventRounds "7"]
[EventType "team-swiss"]
[EventDate "2017.12.26"]

1. d4 {[%clk 1:30:30]} Nf6 {[%clk 1:30:30]} 2. Nd2 {[%clk 1:30:30]} g6 {[%clk
1:30:43]} 3. e4 {[%clk 1:30:25]} d6 {[%clk 1:30:18]} 4. f4 {[%clk 1:20:59]} Bg7
{[%clk 1:28:44]} 5. c3 {[%clk 1:16:04]} O-O {[%clk 1:27:42]} 6. Ngf3 {[%clk
1:13:29]} Nbd7 {[%clk 1:26:59]} 7. Bd3 {[%clk 1:08:34]} c5 {[%clk 1:26:22]} 8.
f5 {[%clk 0:57:08]} a6 {[%clk 1:24:17]} 9. O-O {[%clk 0:52:33]} b5 {[%clk
1:22:44]} 10. Qe1 {[%clk 0:45:24]} Bb7 {[%clk 1:20:24]} 11. e5 {[%clk 0:42:46]}
dxe5 {[%clk 1:19:04]} 12. dxe5 {[%clk 0:42:31]} Ne8 {[%clk 0:58:13]} 13. e6
{[%clk 0:39:59]} Ne5 {[%clk 0:52:36]} 14. Nxe5 {[%clk 0:38:49]} Bxe5 {[%clk
0:53:03]} 15. exf7+ {[%clk 0:33:34]} Rxf7 {[%clk 0:53:31]} 16. fxg6 {[%clk
0:33:12]} hxg6 {[%clk 0:52:37]} 17. Rxf7 {[%clk 0:27:02]} Kxf7 {[%clk 0:53:04]}
18. Bxg6+ {[%clk 0:26:18]} Kxg6 {[%clk 0:53:32]} 19. Qxe5 {[%clk 0:26:30]} c4
{[%clk 0:52:32]} 20. h4 {[%clk 0:22:23]} Nf6 {[%clk 0:50:48]} 21. Qg5+ {[%clk
0:15:51]} Kf7 {[%clk 0:50:29]} 22. Nf3 {[%clk 0:07:42]} Qd1+ {[%clk 0:48:53]}
23. Kh2 {[%clk 0:06:00]} Bxf3 {[%clk 0:46:00]} 24. gxf3 {[%clk 0:05:29]} Qxf3
{[%clk 0:44:39]} 25. Qg2 {[%clk 0:04:02]} Ng4+ {[%clk 0:42:14]} 26. Kg1 {[%clk
0:03:49]} Qd1+ {[%clk 0:41:37]} 27. Qf1+ {[%clk 0:04:06]} Qxf1+ {[%clk
0:42:00]} 28. Kxf1 {[%clk 0:04:33]} Rf8 {[%clk 0:41:54]} 29. Kg2 {[%clk
0:04:05]} Kg6 {[%clk 0:40:32]} 30. Bg5 {[%clk 0:03:12]} Rf2+ {[%clk 0:34:52]}
31. Kg3 {[%clk 0:02:55]} Kh5 {[%clk 0:34:05]} 32. Bxe7 {[%clk 0:02:09]} Rxb2
{[%clk 0:33:13]} 33. a4 {[%clk 0:02:07]} Ne3 {[%clk 0:32:02]} 34. Bb4 {[%clk
0:01:52]} Nc2 {[%clk 0:31:10]} 35. Ba3 {[%clk 0:01:40]} Nxa3 {[%clk 0:31:56]}
36. Rxa3 {[%clk 0:02:34]} Rb3 {[%clk 0:32:11]} 37. Rxb3 {[%clk 0:02:00]} cxb3
{[%clk 0:32:30]} 38. axb5 {[%clk 0:02:26]} axb5 {[%clk 0:32:46]} 0-1

[Event "DVM U14w 2017"]
[Site "Neumünster GER"]
[Date "2017.12.27"]
[Round "2"]
[White "Peglau, Sarah"]
[Black "Berghold, Lotta"]
[Result "1/2-1/2"]
[Termination "normal"]
[Board "4.2"]
[WhiteElo "1241"]
[BlackElo "1369"]
[WhiteClock "00:34:39"]
[BlackClock "00:14:43"]
[WhiteTeam "Schachzentrum Seeblick"]
[BlackTeam "SC Borussia 1920 Friedrichsfelde"]
[PlyCount "77"]
[WhiteFideId "16219961"]
[BlackFideId "16243463"]
[EventCountry "GER"]
[EventRounds "7"]
[EventType "team-swiss"]
[EventDate "2017.12.26"]

1. e4 {[%clk 1:30:30]} b6 {[%clk 1:30:30]} 2. d4 {[%clk 1:30:30]} Bb7 {[%clk
1:30:30]} 3. Nc3 {[%clk 1:30:30]} e6 {[%clk 1:30:30]} 4. f4 {[%clk 1:30:30]}
Nf6 {[%clk 1:30:30]} 5. Bd3 {[%clk 1:30:30]} Bb4 {[%clk 1:30:30]} 6. Qe2 {[%clk
1:30:30]} d5 {[%clk 1:26:35]} 7. e5 {[%clk 1:30:18]} Ne4 {[%clk 1:22:56]} 8.
Bd2 {[%clk 1:28:48]} Bxc3 {[%clk 1:16:32]} 9. Bxc3 {[%clk 1:28:52]} Qh4+ {[%clk
1:11:43]} 10. Kd1 {[%clk 1:18:29]} Nf2+ {[%clk 1:08:36]} 11. Kd2 {[%clk
1:18:37]} Qxf4+ {[%clk 1:06:38]} 12. Ke1 {[%clk 1:16:20]} Nxh1 {[%clk 1:05:33]}
13. Nf3 {[%clk 1:13:17]} Ng3 {[%clk 1:02:13]} 14. hxg3 {[%clk 1:12:12]} Qxg3+
{[%clk 1:02:03]} 15. Kf1 {[%clk 1:11:34]} Nc6 {[%clk 0:56:50]} 16. Qe3 {[%clk
1:06:59]} O-O-O {[%clk 0:53:15]} 17. Be1 {[%clk 1:04:42]} Qg4 {[%clk 0:52:25]}
18. a4 {[%clk 1:01:52]} Rdg8 {[%clk 0:46:45]} 19. b4 {[%clk 1:01:13]} g5 {[%clk
0:45:02]} 20. a5 {[%clk 1:00:42]} Qf4 {[%clk 0:44:14]} 21. Qf2 {[%clk 0:59:35]}
h5 {[%clk 0:36:05]} 22. a6 {[%clk 0:51:03]} Ba8 {[%clk 0:34:45]} 23. b5 {[%clk
0:50:56]} Ne7 {[%clk 0:33:49]} 24. Bd2 {[%clk 0:44:36]} Qg4 {[%clk 0:32:40]}
25. Nh2 {[%clk 0:44:21]} Qh4 {[%clk 0:32:54]} 26. g3 {[%clk 0:44:36]} Qh3+
{[%clk 0:32:48]} 27. Ke1 {[%clk 0:44:00]} h4 {[%clk 0:30:07]} 28. Qxf7 {[%clk
0:41:58]} Re8 {[%clk 0:23:41]} 29. Bxg5 {[%clk 0:40:28]} Rhf8 {[%clk 0:18:51]}
30. Qg7 {[%clk 0:40:12]} Qxg3+ {[%clk 0:18:15]} 31. Kd1 {[%clk 0:39:26]} Qxh2
{[%clk 0:16:12]} 32. Bxe7 {[%clk 0:39:35]} Rg8 {[%clk 0:15:52]} 33. Qf7 {[%clk
0:39:19]} Rg1+ {[%clk 0:15:37]} 34. Bf1 {[%clk 0:39:31]} Rxf1+ {[%clk 0:15:27]}
35. Qxf1 {[%clk 0:39:48]} Rxe7 {[%clk 0:15:36]} 36. Qf8+ {[%clk 0:36:12]} Kd7
{[%clk 0:15:50]} 37. Qxa8 {[%clk 0:34:03]} Qg1+ {[%clk 0:14:47]} 38. Kd2 {[%clk
0:34:19]} Qxa1 {[%clk 0:14:43]} 39. Qc6+ {[%clk 0:34:39]} 1/2-1/2

[Event "DVM U14w 2017"]
[Site "Neumünster GER"]
[Date "2017.12.27"]
[Round "2"]
[White "Klühs, Isabel"]
[Black "Peglau, Charis"]
[Result "0-1"]
[Termination "normal"]
[Board "4.3"]
[WhiteElo "1466"]
[BlackElo "1193"]
[WhiteClock "00:46:58"]
[BlackClock "00:22:42"]
[WhiteTeam "SC Borussia 1920 Friedrichsfelde"]
[BlackTeam "Schachzentrum Seeblick"]
[PlyCount "112"]
[WhiteFideId "16228944"]
[BlackFideId "16219996"]
[EventCountry "GER"]
[EventRounds "7"]
[EventType "team-swiss"]
[EventDate "2017.12.26"]

1. d4 {[%clk 1:30:30]} d5 {[%clk 1:30:30]} 2. Nf3 {[%clk 1:30:30]} Bf5 {[%clk
1:30:30]} 3. e3 {[%clk 1:30:30]} Nf6 {[%clk 1:30:41]} 4. Bd3 {[%clk 1:29:18]}
Bg6 {[%clk 1:30:06]} 5. c4 {[%clk 1:27:35]} dxc4 {[%clk 1:29:45]} 6. Bxc4
{[%clk 1:27:26]} e6 {[%clk 1:29:36]} 7. Nc3 {[%clk 1:26:48]} Bb4 {[%clk
1:28:43]} 8. Bd2 {[%clk 1:26:06]} Nbd7 {[%clk 1:26:33]} 9. a3 {[%clk 1:25:35]}
Be7 {[%clk 1:25:57]} 10. O-O {[%clk 1:22:54]} O-O {[%clk 1:26:09]} 11. Re1
{[%clk 1:18:29]} Nb6 {[%clk 1:23:21]} 12. Bb3 {[%clk 1:15:57]} c5 {[%clk
1:11:18]} 13. Bc2 {[%clk 1:14:52]} Bh5 {[%clk 1:10:20]} 14. Bd3 {[%clk
1:13:20]} cxd4 {[%clk 1:09:31]} 15. exd4 {[%clk 1:12:56]} Bxf3 {[%clk 1:08:47]}
16. Qxf3 {[%clk 1:13:00]} Qxd4 {[%clk 1:07:32]} 17. Bg5 {[%clk 1:12:33]} Qd7
{[%clk 1:06:02]} 18. Qh3 {[%clk 1:08:38]} h6 {[%clk 1:04:04]} 19. Bf4 {[%clk
1:04:13]} Rfd8 {[%clk 1:01:34]} 20. Rad1 {[%clk 1:02:04]} Qc6 {[%clk 0:46:45]}
21. Re3 {[%clk 0:59:53]} Nbd5 {[%clk 0:43:18]} 22. Nxd5 {[%clk 0:52:42]} Nxd5
{[%clk 0:42:27]} 23. Rf3 {[%clk 0:50:28]} Nxf4 {[%clk 0:42:04]} 24. Rxf4 {[%clk
0:48:27]} Bg5 {[%clk 0:38:56]} 25. Rf3 {[%clk 0:46:01]} e5 {[%clk 0:34:58]} 26.
Bh7+ {[%clk 0:43:15]} Kxh7 {[%clk 0:34:53]} 27. Rxd8 {[%clk 0:43:15]} Rxd8
{[%clk 0:35:14]} 28. Qf5+ {[%clk 0:43:13]} Kh8 {[%clk 0:35:07]} 29. h3 {[%clk
0:43:24]} Rd1+ {[%clk 0:34:27]} 30. Kh2 {[%clk 0:43:36]} Bf4+ {[%clk 0:34:07]}
31. g3 {[%clk 0:43:41]} Bg5 {[%clk 0:29:07]} 32. Qxf7 {[%clk 0:43:31]} Bf6
{[%clk 0:28:01]} 33. Qh5 {[%clk 0:43:10]} e4 {[%clk 0:25:57]} 34. Rf5 {[%clk
0:41:54]} Rc1 {[%clk 0:24:17]} 35. Qe2 {[%clk 0:40:59]} e3 {[%clk 0:23:19]} 36.
Rf3 {[%clk 0:41:10]} exf2 {[%clk 0:22:24]} 37. Qd3 {[%clk 0:41:07]} Qc2 {[%clk
0:19:24]} 38. Qxc2 {[%clk 0:40:58]} Rxc2 {[%clk 0:19:49]} 39. Kg2 {[%clk
0:41:22]} Bxb2 {[%clk 0:19:41]} 40. Rxf2 {[%clk 0:41:40]} Rxf2+ {[%clk
0:20:06]} 41. Kxf2 {[%clk 0:42:02]} Bxa3 {[%clk 0:20:14]} 42. g4 {[%clk
0:42:25]} b5 {[%clk 0:20:33]} 43. Ke3 {[%clk 0:42:50]} a5 {[%clk 0:20:33]} 44.
Kd3 {[%clk 0:43:13]} a4 {[%clk 0:20:46]} 45. Kc2 {[%clk 0:43:35]} Be7 {[%clk
0:20:39]} 46. h4 {[%clk 0:43:56]} Bxh4 {[%clk 0:21:00]} 47. g5 {[%clk 0:44:23]}
Bxg5 {[%clk 0:21:13]} 48. Kd3 {[%clk 0:44:45]} b4 {[%clk 0:21:33]} 49. Ke2 a3
50. Kd1 a2 51. Kc2 {[%clk 0:45:08]} a1=Q {[%clk 0:21:55]} 52. Kb3 {[%clk
0:45:30]} Qc1 {[%clk 0:22:09]} 53. Ka4 {[%clk 0:45:50]} b3 {[%clk 0:22:09]} 54.
Kb5 {[%clk 0:46:08]} b2 {[%clk 0:22:28]} 55. Ka6 {[%clk 0:46:32]} b1=Q {[%clk
0:22:42]} 56. Ka7 {[%clk 0:46:58]} Qa3# 0-1

[Event "DVM U14w 2017"]
[Site "Neumünster GER"]
[Date "2017.12.27"]
[Round "2"]
[White "Peglau, Dora"]
[Black "Oschlies, Tami"]
[Result "1/2-1/2"]
[Termination "normal"]
[Board "4.4"]
[WhiteElo "1159"]
[BlackElo "1387"]
[WhiteClock "00:43:27"]
[BlackClock "00:14:12"]
[WhiteTeam "Schachzentrum Seeblick"]
[BlackTeam "SC Borussia 1920 Friedrichsfelde"]
[PlyCount "74"]
[WhiteFideId "16220005"]
[BlackFideId "16217365"]
[EventCountry "GER"]
[EventRounds "7"]
[EventType "team-swiss"]
[EventDate "2017.12.26"]

1. e4 {[%clk 1:30:30]} c5 {[%clk 1:30:53]} 2. Nf3 {[%clk 1:30:52]} d6 {[%clk
1:31:12]} 3. d4 {[%clk 1:31:13]} cxd4 {[%clk 1:31:33]} 4. Nxd4 {[%clk 1:31:35]}
Nc6 {[%clk 1:31:51]} 5. c4 {[%clk 1:31:36]} e6 {[%clk 1:29:47]} 6. Nc3 {[%clk
1:31:54]} Be7 {[%clk 1:30:04]} 7. Be3 {[%clk 1:31:44]} Bd7 {[%clk 1:29:38]} 8.
Be2 {[%clk 1:31:41]} Nf6 {[%clk 1:29:41]} 9. O-O {[%clk 1:31:51]} O-O {[%clk
1:29:04]} 10. Qd2 {[%clk 1:30:10]} a6 {[%clk 1:26:53]} 11. f4 {[%clk 1:26:31]}
Qc7 {[%clk 1:23:33]} 12. Rab1 {[%clk 1:18:02]} Rac8 {[%clk 1:14:19]} 13. b4
{[%clk 1:17:17]} Rfd8 {[%clk 0:57:07]} 14. a4 {[%clk 1:16:03]} e5 {[%clk
0:52:10]} 15. Nxc6 {[%clk 1:15:22]} Bxc6 {[%clk 0:51:22]} 16. fxe5 {[%clk
1:14:59]} dxe5 {[%clk 0:51:28]} 17. Qc2 {[%clk 1:07:03]} b5 {[%clk 0:42:42]}
18. a5 {[%clk 1:02:27]} bxc4 {[%clk 0:38:51]} 19. Bb6 {[%clk 1:02:20]} Qb7
{[%clk 0:31:31]} 20. Bxd8 {[%clk 1:01:12]} Rxd8 {[%clk 0:31:49]} 21. Bxc4
{[%clk 1:00:07]} Nxe4 {[%clk 0:28:13]} 22. Bxf7+ {[%clk 0:58:52]} Kh8 {[%clk
0:27:17]} 23. Ba2 {[%clk 0:52:10]} Nd2 {[%clk 0:23:17]} 24. Rfd1 {[%clk
0:51:29]} Nxb1 {[%clk 0:22:33]} 25. Rxd8+ {[%clk 0:51:14]} Bxd8 {[%clk
0:22:48]} 26. Bxb1 {[%clk 0:51:29]} g6 {[%clk 0:22:37]} 27. Qe2 {[%clk
0:50:39]} Bf6 {[%clk 0:20:37]} 28. Ne4 {[%clk 0:45:15]} Qxb4 {[%clk 0:16:26]}
29. Bd3 {[%clk 0:43:26]} Bxe4 {[%clk 0:16:09]} 30. Qxe4 {[%clk 0:43:00]} Qxe4
{[%clk 0:15:00]} 31. Bxe4 {[%clk 0:43:22]} Kg7 {[%clk 0:15:13]} 32. Bb7 {[%clk
0:43:29]} Bd8 {[%clk 0:15:22]} 33. Bxa6 {[%clk 0:43:34]} Bxa5 {[%clk 0:15:44]}
34. Kf2 {[%clk 0:43:55]} Kf6 {[%clk 0:16:00]} 35. Kf3 {[%clk 0:44:03]} Kg5
{[%clk 0:15:46]} 36. Bc4 {[%clk 0:43:44]} h6 {[%clk 0:15:32]} 37. Bd5 {[%clk
0:43:27]} Kf6 {[%clk 0:14:12]} 1/2-1/2

[Event "DVM U14w 2017"]
[Site "Neumünster GER"]
[Date "2017.12.27"]
[Round "2"]
[White "Meijerink, Inken"]
[Black "Schwegler, Jelena"]
[Result "1-0"]
[Termination "normal"]
[Board "5.1"]
[WhiteElo "1638"]
[BlackElo "1544"]
[WhiteTeam "SK Nordhorn-Blanke"]
[BlackTeam "SK Bad Homburg"]
[PlyCount "103"]
[WhiteFideId "16225465"]
[BlackFideId "16225481"]
[EventCountry "GER"]
[EventRounds "7"]
[EventType "team-swiss"]
[EventDate "2017.12.26"]

1. e4 e5 2. Nf3 Nc6 3. Bc4 Bc5 4. O-O Nf6 5. d4 Nxd4 6. Nxe5 O-O 7. Be3 d5 8.
exd5 b5 9. Bxd4 Bxd4 10. Qxd4 bxc4 11. Nc6 Qd6 12. h3 Bb7 13. Qxc4 Nxd5 14.
Qxd5 Qxd5 15. Ne7+ Kh8 16. Nxd5 Bxd5 17. Nc3 Be6 18. Rfd1 Rab8 19. b3 Bf5 20.
Rd2 Rfe8 21. g4 Be6 22. Re1 Red8 23. Red1 Rxd2 24. Rxd2 g6 25. Rd4 Rb6 26. Ne4
Rc6 27. c4 Ra6 28. Rd2 Rc6 29. Ng5 Kg7 30. Nxe6+ Rxe6 31. Rd5 Ra6 32. Rd2 Kf6
33. f4 Re6 34. Kf2 Ke7 35. Re2 Kd6 36. Rxe6+ fxe6 37. Ke3 Kc5 38. a3 a5 39. Ke4
Kd6 40. b4 axb4 41. axb4 h6 42. h4 Ke7 43. Ke5 Kf7 44. b5 Ke7 45. c5 Kf7 46. b6
cxb6 47. cxb6 Ke7 48. b7 Kf7 49. b8=Q Ke7 50. Qc7+ Ke8 51. Kxe6 Kf8 52. Qf7#
1-0

[Event "DVM U14w 2017"]
[Site "Neumünster GER"]
[Date "2017.12.27"]
[Round "2"]
[White "Tornay, Haizea"]
[Black "Reichelt, Lena"]
[Result "0-1"]
[Termination "normal"]
[Board "5.2"]
[WhiteElo "1320"]
[BlackElo "1495"]
[WhiteTeam "SK Bad Homburg"]
[BlackTeam "SK Nordhorn-Blanke"]
[PlyCount "120"]
[WhiteFideId "16205758"]
[BlackFideId "12981184"]
[EventCountry "GER"]
[EventRounds "7"]
[EventType "team-swiss"]
[EventDate "2017.12.26"]

1. e4 c5 2. Nc3 Nc6 3. f4 e6 4. Bc4 Nge7 5. d3 d5 6. Bb3 Nd4 7. Ba4+ Bd7 8.
Bxd7+ Qxd7 9. Nf3 Nec6 10. Nxd4 Nxd4 11. Ne2 Nc6 12. O-O Be7 13. Be3 O-O 14.
Qe1 b6 15. f5 exf5 16. exf5 Bf6 17. c3 Rfe8 18. Qf2 Qe7 19. Nf4 Qxe3 20. Nxd5
Qxf2+ 21. Rxf2 Rad8 22. Nf4 Ne5 23. Rd1 Ng4 24. Rf3 Ne3 25. Re1 Ng4 26. Rd1 Ne5
27. Re3 Nc6 28. Rg3 Be5 29. Rf1 Bxf4 30. Rxf4 Ne5 31. d4 cxd4 32. cxd4 Nc6 33.
f6 g6 34. Rd3 Re2 35. Rc3 Nb4 36. Ra3 a5 37. Rf2 Rxf2 38. Kxf2 Nd5 39. Rf3 Rd6
40. Ke2 Nxf6 41. Kd3 Ng4 42. Kc4 Nxh2 43. Rf4 f5 44. Kb5 Ng4 45. b4 axb4 46.
Kxb4 Ne3 47. Rf2 Rxd4+ 48. Kb5 Rd6 49. Re2 Nd5 50. Kc4 Kf7 51. Re5 Nf4 52. g3
Nh5 53. Re3 Rd2 54. a4 Nf6 55. Kb5 Ra2 56. Rc3 Rb2+ 57. Kc6 Rb4 58. Rc1 Rxa4
59. Kxb6 Rg4 60. Rg1 Ne4 0-1